|
|
|
|
| LEADER |
00000nam a2200000 4500 |
| 001 |
RU/URAIT/494635 |
| 003 |
https://urait.ru/bcode/494635 |
| 005 |
20250827050525.1 |
| 010 |
|
|
|a 978-5-534-10098-3
|d 1029.00
|
| 073 |
|
1 |
|a 9785534100983
|d 1029.00
|
| 100 |
|
|
|a 20190627d2022 km y0rusy50 ca
|
| 101 |
0 |
|
|a rus
|
| 102 |
|
|
|a RU
|
| 105 |
|
|
|a y j 000yy
|
| 106 |
|
|
|a s
|
| 200 |
1 |
|
|a Отопление, вентиляция и кондиционирование воздуха. Примеры расчета систем
|e учебное пособие для спо
|f М. И. Шиляев, Е. М. Хромова, Ю. Н. Дорошенко ; под редакцией М. И. Шиляева.
|
| 205 |
|
|
|a 2-е изд.
|b испр. и доп
|
| 210 |
|
|
|a Москва
|c Юрайт
|d 2022
|
| 215 |
|
|
|a 250 с
|
| 225 |
1 |
|
|a Профессиональное образование
|
| 230 |
|
|
|a Электрон. дан.
|
| 300 |
|
|
|a URL: https://urait.ru/bcode/494635 (дата обращения: 27.08.2025).
|
| 330 |
|
|
|a В курсе представлены теоретические основы и примеры расчета систем отопления, вентиляции и кондиционирования воздуха в зданиях различного назначения. Даны методики расчетов водяного и воздушного отопления; аэродинамического расчета систем вентиляции; описаны закономерности струйного течения, вытяжные зонты, бортовые отсосы, воздушные души; охарактеризовано основное оборудование центральных СКВ. В курс вошел материал, полученный в результате научно-исследовательской работы по тепломассообмену в оросительных камерах.
|
| 337 |
|
|
|a Режим доступа: Электронно-библиотечная система Юрайт, для авториз. пользователей
|
| 610 |
2 |
|
|a Строительство
|
| 610 |
2 |
|
|a Технические науки
|
| 610 |
2 |
|
|a Организация процессов монтажа и технического обслуживания систем кондиционирования воздуха
|
| 610 |
2 |
|
|a Особенности проектирования систем водоснабжения и водоотведения, отопления, вентиляции и кондиционирования воздуха
|
| 610 |
2 |
|
|a Реализация проектирования систем водоснабжения и водоотведения, отопления, вентиляции и кондиционирования воздуха с использованием компьютерных технологий
|
| 610 |
2 |
|
|a Системы кондиционирования
|
| 610 |
2 |
|
|a Системы вентиляции и кондиционирования промышленных зданий
|
| 610 |
2 |
|
|a Участие в проектировании систем водоснабжения и водоотведения, отопления, вентиляции и кондиционирования воздуха
|
| 610 |
2 |
|
|a Отопление, вентиляция и кондиционирование воздуха
|
| 610 |
2 |
|
|a Ведение процессов по технической эксплуатации, обслуживанию и ремонту холодильного оборудования
|
| 610 |
2 |
|
|a Ведение рабочей и проектной документации систем холодоснабжения и оформление результатов конструкторских и исследовательских работ
|
| 610 |
2 |
|
|a Техническая эксплуатация теплотехнического оборудования и систем тепло- и топливоснабжения
|
| 675 |
|
|
|a 697(075.32)
|
| 686 |
|
|
|a 38.762я723
|2 rubbk
|
| 700 |
|
1 |
|a Шиляев
|b М. И.
|g Михаил Иванович
|
| 701 |
|
1 |
|a Хромова
|b Е. М.
|g Елена Михайловна
|
| 701 |
|
1 |
|a Дорошенко
|b Ю. Н.
|g Юлия Николаевна
|
| 801 |
|
0 |
|a RU
|b ИКО Юрайт
|c 20190627
|g RCR
|2 rusmarc
|
| 801 |
|
1 |
|a RU
|b ИКО Юрайт
|c 20190627
|g RCR
|2 rusmarc
|
| 856 |
4 |
0 |
|n Юрайт
|g Электронная книга
|q html
|h ЮРАЙТ
|v 20250912
|2 Показать документ
|u https://urait.ru/bcode/494635
|
| 955 |
|
|
|a учебное пособие
|
| 957 |
|
|
|a Организация процессов монтажа и технического обслуживания систем кондиционирования воздуха
|
| 957 |
|
|
|a Особенности проектирования систем водоснабжения и водоотведения, отопления, вентиляции и кондиционирования воздуха
|
| 957 |
|
|
|a Реализация проектирования систем водоснабжения и водоотведения, отопления, вентиляции и кондиционирования воздуха с использованием компьютерных технологий
|
| 957 |
|
|
|a Системы кондиционирования
|
| 957 |
|
|
|a Системы вентиляции и кондиционирования промышленных зданий
|
| 957 |
|
|
|a Участие в проектировании систем водоснабжения и водоотведения, отопления, вентиляции и кондиционирования воздуха
|
| 957 |
|
|
|a Отопление, вентиляция и кондиционирование воздуха
|
| 957 |
|
|
|a Ведение процессов по технической эксплуатации, обслуживанию и ремонту холодильного оборудования
|
| 957 |
|
|
|a Ведение рабочей и проектной документации систем холодоснабжения и оформление результатов конструкторских и исследовательских работ
|
| 957 |
|
|
|a Техническая эксплуатация теплотехнического оборудования и систем тепло- и топливоснабжения
|
| 900 |
|
|
|l
|